O Vrkálkovi a Sivěnce /

Hlavní autor: Henych, Daniel, 1931-2018
Další autoři: Lamr, Václav, 1943-2020
Jazyk: Čeština
Vydáno: Ostrava : A-ALEF, 1999
Vydání: Vyd. 1.
Témata:
Fyzický popis: 51 s. : il. ; 21 cm
Knihy
Uloženo v:
LEADER 01199nam a2200349 a 4500
001 000405688
003 CZ BrMZK
005 20080320124636.0
007 ta
008 010907s1999 xr b j cze d
015 |a cnb000656974 
020 |a 80-85237-72-5 
035 |a (OCoLC)41832074 
040 |a BOA001  |b cze 
072 7 |a 821-93  |x Literatura pro děti a mládež (beletrie)  |2 Konspekt  |9 26 
072 7 |a 27-4  |x Praktická teologie. Morální teologie  |2 Konspekt  |9 5 
080 |a 821-93  |2 MRF 
080 |a 27-47  |2 MRF 
080 |a (0:82-32)  |2 MRF 
100 1 |a Henych, Daniel,  |d 1931-2018  |7 kv2008386909  |4 aut 
245 1 0 |a O Vrkálkovi a Sivěnce /  |c Daniel Henych ; [ilustrace Václav Lamr] 
250 |a Vyd. 1. 
260 |a Ostrava :  |b A-ALEF,  |c 1999 
300 |a 51 s. :  |b il. ;  |c 21 cm 
504 |a Obsahuje bibliografii 
650 0 7 |a křesťanská výchova  |7 ph122115  |2 czenas 
655 7 |a příběhy  |7 fd133204  |2 czenas 
655 7 |a publikace pro děti  |7 fd133156  |2 czenas 
700 1 |a Lamr, Václav,  |d 1943-2020  |7 jo2005267796  |4 ill 
910 |a BOA001  |b 2-1057.391 
990 |a BK 
996 6 |b 2610089075  |c 2-1057.391  |l MZK  |r Sklad / do 1 hodiny  |n 0  |p p.v.  |w 000405688  |u 000010  |a 1  |e BOA001  |j MZK50  |s P